01134nam a2200241Ia 4500003000900000008004100009020001800050040001600068080002100084111008000105245030500185260006100490300001400551490003300565650003300598650004100631650001800672700003300690710004700723942000700770999001700777952009800794IN-BaIIA211028s9999 xx 000 0 eng d a0-937707-40-6 cIIA Library a082.2:52bASP-21 aWorkshop on The Space Distribution of QuasarscCanadad1991 June 3-5917688 4aThe space distribution of quasarsbproceedings of a workshop held as part of the 75th anniversary celebrations of the National Research Council of Canada, at the Dominion Astrophysical Observatory, Victoria, Canada, June 3rd to 5th, 1991cedited by David Crampton  aSan FranciscobAstronomical Society of the Pacificc1991 axv, 401p. aASP conference series; v. 21 aActive galactic nuclei96209 aAstronomy and Astrophysics Thesaurus aQuasars91096 aCrampton, David., ed.917689 aNational Research Council of Canada917690 cBK c10404d10404 00104070aBANbBANcGENd1992-08-11l0o082.2:52/ ASP-21p11314r2021-11-05w1992-08-11yBK